The social structure of an Indian village / (Record no. 34710)
[ view plain ]
| 000 -LEADER | |
|---|---|
| fixed length control field | 00904nam a2200277 i 4500 |
| 001 - CONTROL NUMBER | |
| control field | 34710 |
| 003 - CONTROL NUMBER IDENTIFIER | |
| rucl marc code | BD-RjUL |
| 005 - DATE AND TIME OF LATEST TRANSACTION | |
| control field | 20211209052211.0 |
| 008 - FIXED-LENGTH DATA ELEMENTS--GENERAL INFORMATION | |
| fixed length control field | 140518s1976 ii b 001 0 eng d |
| 035 ## - SYSTEM CONTROL NUMBER | |
| System control number | (BD-RjUL)34804 |
| 040 ## - CATALOGING SOURCE | |
| Original cataloging agency | DLC |
| Transcribing agency | DLC |
| Modifying agency | DLC |
| -- | BD-RjUL |
| Language of cataloging | eng |
| 041 ## - LANGUAGE CODE | |
| Language code of text/sound track or separate title | eng |
| 082 00 - DEWEY DECIMAL CLASSIFICATION NUMBER | |
| Classification number | 301.40095412 |
| Author mark and year | SHS 1976 |
| 100 1# - MAIN ENTRY--PERSONAL NAME | |
| Personal name | Shukla, N. K. |
| 9 (RLIN) | 105601 |
| 245 14 - TITLE STATEMENT | |
| Title | The social structure of an Indian village / |
| Statement of responsibility, etc. | N. K. Shukla. |
| 260 ## - PUBLICATION, DISTRIBUTION, ETC. (IMPRINT) | |
| Place of publication, distribution, etc. | New Delhi : |
| Name of publisher, distributor, etc. | Cosmo Publications, |
| Date of publication, distribution, etc. | 1976. |
| 300 ## - PHYSICAL DESCRIPTION | |
| Pagination | xii, 185 p. ; |
| Size | 23 cm. |
| 500 ## - GENERAL NOTE | |
| General note | A revision of the author's thesis, Ranchi University, 1968. |
| 504 ## - BIBLIOGRAPHY, ETC. NOTE | |
| Bibliography, etc | Includes bibliographical references and index. |
| 650 #0 - SUBJECT ADDED ENTRY--TOPICAL TERM | |
| Topical term or geographic name as entry element | Ethnology |
| Geographic subdivision | India |
| -- | Bihar. |
| 9 (RLIN) | 105602 |
| Topical term or geographic name as entry element | Villages |
| Geographic subdivision | India |
| -- | Bihar. |
| 9 (RLIN) | 105603 |
| 651 #0 - SUBJECT ADDED ENTRY--GEOGRAPHIC NAME | |
| Geographic name | Bharko, India |
| General subdivision | Social life and customs. |
| 9 (RLIN) | 105604 |
| 942 ## - ADDED ENTRY ELEMENTS (KOHA) | |
| Source of classification or shelving scheme | Dewey Decimal Classification |
| Koha item type | Books |
| Lost status | Source of classification or shelving scheme | Damaged status | Not for loan | Collection code | Permanent Location | Current Location | Shelving location | Date acquired | Source of acquisition | Cost, normal purchase price | Total Checkouts | Full call number | Date last seen | Copy number | Koha item type |
|---|---|---|---|---|---|---|---|---|---|---|---|---|---|---|---|
| Dewey Decimal Classification | Not For Loan | Non-fiction | Central Library, University of Rajshahi | Central Library, University of Rajshahi | Reading Room | 29/09/1978 | India Int. Cal. | 55.00 | 301.40095412 SHS 1976 | 18/05/2014 | C-1 | Books |